000 00349 a2200157 4500
001 185993
020 _a85-10-03571-7
040 _cMagnum
100 _aGonçalves, Marcos
240 1 0 _aPassaporte para geografia 1
_lpor
245 1 0 _aPassaporte para geografia 1
300 _a144
362 0 _a2005
697 _aGEOGRAFIA GERAL
942 _cBK
999 _c185993
_d185993